Thoughts and notions : High beginning reading practice with answers /
Sách gồm những bài tập về suy nghĩ và khái niệm trong việc luyện đọc tiếng Anh.
Salvato in:
| Autore principale: | |
|---|---|
| Altri autori: | , |
| Natura: | Libro |
| Lingua: | English |
| Pubblicazione: |
Tp.HCM :
Nxb Trẻ,
2000.
|
| Soggetti: | |
| Tags: |
Aggiungi Tag
Nessun Tag, puoi essere il primo ad aggiungerne! !
|
| Thư viện lưu trữ: | Mạng thư viện Đại học Đà Nẵng |
|---|
| LEADER | 01322nam a2200361 a 4500 | ||
|---|---|---|---|
| 001 | 000041974 | ||
| 003 | 6148 | ||
| 005 | 20210422143311.0 | ||
| 008 | 171030s2000 | ||
| 020 | |c 28000 | ||
| 040 | |a lnn |c lnn |d lnn | ||
| 041 | 0 | |a eng | |
| 082 | 1 | 4 | |a 420 |b LE-L |
| 100 | 1 | |a Lee, Linda. | |
| 245 | 1 | 0 | |a Thoughts and notions : |b High beginning reading practice with answers / |c Linda Lee, Barbara Bushby ; Lê Ngọc Phương Nam chú giải. |
| 260 | |a Tp.HCM : |b Nxb Trẻ, |c 2000. | ||
| 300 | |a 221 tr. ; |c 20.5 cm+ 1cd. | ||
| 520 | 3 | |a Sách gồm những bài tập về suy nghĩ và khái niệm trong việc luyện đọc tiếng Anh. | |
| 630 | 0 | 4 | |a Anh ngữ. |
| 630 | 0 | 4 | |a English language. |
| 630 | 0 | 4 | |a Reading skills. |
| 650 | 0 | 4 | |a English language |x Reading |x Study and teaching. |
| 700 | 1 | |a Bushby, Barbara. | |
| 700 | 1 | |a Lê Ngọc Phương Nam, |e chú giải. | |
| OWN | |a LNN | ||
| AVA | |a UDN50 |b LNN |c English |d 420 LE-L |e available |t Error 5001 Not defined in file expand_doc_bib_avail. |f 7 |g 0 |h N |i 0 |j AN | ||
| 999 | |a From the UDN01 | ||
| AVA | |a UDN50 |b LNN |c English |d 420 LE-L |e available |t Error 5001 Not defined in file expand_doc_bib_avail. |f 7 |g 0 |h N |i 0 |j AN | ||
| TYP | |a Monograph | ||
| TYP | |a Printed language | ||
| 980 | |a Mạng thư viện Đại học Đà Nẵng | ||